Constantin Brancusi
שמור ב:
| מחבר ראשי: | |
|---|---|
| פורמט: | ספר |
| שפה: | ספרדית |
| יצא לאור: |
Buenos Aires
Viscontea
1980
|
| מהדורה: | 1a. ed |
| סדרה: | Los Grandes Escultores, 19
|
| נושאים: | |
| תגים: |
הוספת תג
אין תגיות, היה/י הראשונ/ה לתייג את הרשומה!
|
MARC
| LEADER | 00000cam a2200000 a 4500 | ||
|---|---|---|---|
| 001 | UCV9771 | ||
| 003 | CL-VaPUC | ||
| 008 | 930430e19800000AG |||||||||||||||||spa|d | ||
| 082 | 0 | 4 | |a 730.92 |b DIM |2 21 |
| 100 | 0 | |a Di Micheli, Mario |e author |9 303791 | |
| 245 | 1 | 0 | |a Constantin Brancusi |
| 250 | |a 1a. ed | ||
| 300 | |a 16 p | ||
| 942 | |c BK | ||
| 945 | |d 19930430 00:00:00 | ||
| 260 | |a Buenos Aires |b Viscontea |c 1980 | ||
| 600 | 0 | 7 | |a BRANCUSI, CONSTANTIN |2 CL-VaPUC |9 268598 |
| 650 | 0 | |a Arte moderno |9 265333 | |
| 650 | 0 | |a Modernismo |9 267987 | |
| 650 | 7 | |a ESCULTORES RUMANOS |2 CL-VaPUC |9 268707 | |
| 583 | |a last modification |c 20140319 08:23:37 |k Rodrigo Vera | ||
| 490 | 0 | |a Los Grandes Escultores, 19 | |
| 999 | |c 215070 |d 215068 | ||
| 952 | |0 0 |1 0 |4 0 |6 730_920000000000000_DIM_1980 |7 0 |8 A |9 199019 |a BIBARQ |b BIBARQ |d 2019-11-14 |i 2663511 |o 730.92 DIM 1980 |p 2663511 |r 2025-01-20 |w 2019-11-14 |y BK |k ARQ | ||
| 952 | |0 0 |1 0 |3 erb |4 0 |6 730_920000000000000_DIM_1980 |7 0 |8 A |9 199020 |a BIBART |b BIBART |i 5044049 |o 730.92 DIM 1980 |p 5044049 |r 2025-03-13 |w 2019-11-14 |y BK |z Catalogado en:20140324 |k ART | ||